| 000 -LEADER |
| fixed length control field |
01467nam a22001577a 4500 |
| 008 - FIXED-LENGTH DATA ELEMENTS--GENERAL INFORMATION |
| fixed length control field |
220131b ||||| |||| 00| 0 eng d |
| 100 ## - MAIN ENTRY--PERSONAL NAME |
| Personal name |
Balaban, M., Herman, J. and Savic, D. |
| 245 ## - TITLE STATEMENT |
| Title |
The early decades of the Bata shoe company in India: From establishment to economic and social integration |
| 260 ## - PUBLICATION, DISTRIBUTION, ETC. (IMPRINT) |
| Place of publication, distribution, etc |
The Indian Economic and Social History Review |
| 300 ## - PHYSICAL DESCRIPTION |
| Extent |
58(3), Jul-Sep, 2021: p.297-332 |
| 520 ## - SUMMARY, ETC. |
| Summary, etc |
The study presents a historical and sociological interpretation of the events that marked the gradual integration of the Bata Company into the Indian economy and society from the mid-1920s to the early 1960s. Within this context, in addition to the general economic, political and cultural developments, particular attention has been devoted to the everyday life of Indian and Czech workers in the Bata company town of Batanagar. The study is based on a comparative-historical analysis of available archival sources and a secondary analysis of the relevant academic literature. The results of the research indicate that during this period, Bata was forced to adapt continuously to the cultural specifics of Indian society, that is, the process of its integration into the Indian economy and society had pronounced glocal characteristics. – Reproduced |
| 650 ## - SUBJECT ADDED ENTRY--TOPICAL TERM |
| Topical term or geographic name as entry element |
Bata company, Czechs, India, Batanagar, Company town |
| 9 (RLIN) |
29366 |
| 773 ## - HOST ITEM ENTRY |
| Main entry heading |
The Indian Economic and Social History Review |
| 906 ## - LOCAL DATA ELEMENT F, LDF (RLIN) |
| Subject DIP |
CORPOATE CULTURE |
| 942 ## - ADDED ENTRY ELEMENTS (KOHA) |
| Item type |
Articles |